<?xml version="1.0" encoding="UTF-8"?>
<collection xmlns="http://www.loc.gov/MARC21/slim">
<record>
  <controlfield tag="001">170145</controlfield>
  <controlfield tag="005">20260407115446.0</controlfield>
  <datafield tag="024" ind1="7" ind2=" ">
    <subfield code="2">doi</subfield>
    <subfield code="a">10.3389/fphys.2026.1727132</subfield>
  </datafield>
  <datafield tag="024" ind1="8" ind2=" ">
    <subfield code="2">sideral</subfield>
    <subfield code="a">148726</subfield>
  </datafield>
  <datafield tag="037" ind1=" " ind2=" ">
    <subfield code="a">ART-2026-148726</subfield>
  </datafield>
  <datafield tag="041" ind1=" " ind2=" ">
    <subfield code="a">eng</subfield>
  </datafield>
  <datafield tag="100" ind1=" " ind2=" ">
    <subfield code="a">Muniz-Pardos, Borja</subfield>
    <subfield code="u">Universidad de Zaragoza</subfield>
    <subfield code="0">(orcid)0000-0002-9191-9033</subfield>
  </datafield>
  <datafield tag="245" ind1=" " ind2=" ">
    <subfield code="a">Real-time thermoregulatory and cardiovascular monitoring of non-acclimatised mountaineers in extreme cold: a 10-day field expedition study</subfield>
  </datafield>
  <datafield tag="260" ind1=" " ind2=" ">
    <subfield code="c">2026</subfield>
  </datafield>
  <datafield tag="520" ind1="3" ind2=" ">
    <subfield code="a">Background: The primary aim of this study was to characterise the thermoregulatory and cardiovascular responses of non-acclimatised mountaineers during different exercise modalities and camping conditions in extreme cold. A secondary aim was to assess the feasibility of real-time transmission of physiological data to enhance safety during cold expeditions. Methods: This study assessed thermoregulatory and cardiovascular responses of 18 non-acclimatised mountaineers from the United Arab Emirates during a 10-day winter expedition in Skeikampen, Norway. Participants performed daily cross-country skiing or snowshoe walking (∼5–6 h/day) and experienced two
camping conditions (quinzhee and tent). Core temperature (Tc) was measured via ingestible telemetric pills, and heart rate (HR) via chest straps. Data were transmitted in real-time using a wearable ecosystem comprising Bluetooth gateways and eSIM-enabled smartwatches. Results: Cross-country skiing elicited significantly higher mean Tc (+0.20 °C, p &lt; 0.01) and HR (+12.8 bpm, p &lt; 0.01) than snowshoe walking. Peak Tc during quinzhee camping was significantly higher than during tent camping (+0.55 °C, p = 0.03), suggesting superior insulation. No cases of hypothermia were recorded. Real-time data transmission enabled continuous remote monitoring, with actionable alerts triggered when Tc dropped below safety thresholds. Conclusion: This study demonstrates the feasibility of real-time physiological monitoring in extreme cold, offering practical insight into activity-specific thermoregulatory strain. The findings underscore the importance of shelter design, physical activity selection, and wearable monitoring to enhance safety and decision-making in cold environments.</subfield>
  </datafield>
  <datafield tag="506" ind1="0" ind2=" ">
    <subfield code="a">Access copy available to the general public</subfield>
    <subfield code="f">Unrestricted</subfield>
  </datafield>
  <datafield tag="540" ind1=" " ind2=" ">
    <subfield code="9">info:eu-repo/semantics/openAccess</subfield>
    <subfield code="a">by</subfield>
    <subfield code="u">https://creativecommons.org/licenses/by/4.0/deed.es</subfield>
  </datafield>
  <datafield tag="655" ind1=" " ind2="4">
    <subfield code="a">info:eu-repo/semantics/article</subfield>
    <subfield code="v">info:eu-repo/semantics/publishedVersion</subfield>
  </datafield>
  <datafield tag="700" ind1=" " ind2=" ">
    <subfield code="a">Verdoukas, Panagiotis</subfield>
  </datafield>
  <datafield tag="700" ind1=" " ind2=" ">
    <subfield code="a">Comadran de Barnola, Elena</subfield>
  </datafield>
  <datafield tag="700" ind1=" " ind2=" ">
    <subfield code="a">Chan-Twist, Yiu Chung Issac</subfield>
  </datafield>
  <datafield tag="700" ind1=" " ind2=" ">
    <subfield code="a">Al Tunaiji, Hashel</subfield>
  </datafield>
  <datafield tag="700" ind1=" " ind2=" ">
    <subfield code="a">Pitsiladis, Yannis</subfield>
  </datafield>
  <datafield tag="710" ind1="2" ind2=" ">
    <subfield code="1">1006</subfield>
    <subfield code="2">245</subfield>
    <subfield code="a">Universidad de Zaragoza</subfield>
    <subfield code="b">Dpto. Fisiatría y Enfermería</subfield>
    <subfield code="c">Área Educación Física y Depor.</subfield>
  </datafield>
  <datafield tag="773" ind1=" " ind2=" ">
    <subfield code="g">17 (2026), [14 pp.]</subfield>
    <subfield code="p">Front. physiol.</subfield>
    <subfield code="t">Frontiers in physiology</subfield>
    <subfield code="x">1664-042X</subfield>
  </datafield>
  <datafield tag="856" ind1="4" ind2=" ">
    <subfield code="s">3055891</subfield>
    <subfield code="u">http://zaguan.unizar.es/record/170145/files/texto_completo.pdf</subfield>
    <subfield code="y">Versión publicada</subfield>
  </datafield>
  <datafield tag="856" ind1="4" ind2=" ">
    <subfield code="s">2347759</subfield>
    <subfield code="u">http://zaguan.unizar.es/record/170145/files/texto_completo.jpg?subformat=icon</subfield>
    <subfield code="x">icon</subfield>
    <subfield code="y">Versión publicada</subfield>
  </datafield>
  <datafield tag="909" ind1="C" ind2="O">
    <subfield code="o">oai:zaguan.unizar.es:170145</subfield>
    <subfield code="p">articulos</subfield>
    <subfield code="p">driver</subfield>
  </datafield>
  <datafield tag="951" ind1=" " ind2=" ">
    <subfield code="a">2026-03-26-14:30:26</subfield>
  </datafield>
  <datafield tag="980" ind1=" " ind2=" ">
    <subfield code="a">ARTICLE</subfield>
  </datafield>
</record>
</collection>